Electromagnetic absorption characteristics of manganese-zinc ferrite and multiwalled carbon nanotube-filled composites based on NBR (Record no. 74932)

MARC details
000 -LEADER
fixed length control field 02198nam a22002417a 4500
100 ## - MAIN ENTRY--AUTHOR NAME
Personal name Kruzelak, J
245 ## - TITLE STATEMENT
Title Electromagnetic absorption characteristics of manganese-zinc ferrite and multiwalled carbon nanotube-filled composites based on NBR
260 ## - PUBLICATION, DISTRIBUTION, ETC. (IMPRINT)
Name of publisher Rubber Chemistry and Technology, 95(2): 300-321
Year of publication 2022
520 ## - SUMMARY, ETC.
Summary, etc Composites based on acrylonitrile–butadiene rubber, carbon nanotubes, and manganese–zinc ferrite were fabricated and tested for electromagnetic interference (EMI) absorption shielding. First, carbon nanotubes and ferrite were solely used for the preparation of rubber composites. Then, carbon nanotubes were combined with magnetic filler and incorporated into the rubber matrix. The results revealed that carbon nanotubes act as reinforcing filler and significantly enhance the physical–mechanical properties of composites. The presence of carbon nanotubes in the rubber matrix also results in an outstanding increase in electrical conductivity and permittivity of composite materials, as a consequence of which the EMI absorption shielding was poor in the tested frequency range of 1 MHz to 3 GHz. On the other hand, ferrite-filled composites are able to efficiently absorb electromagnetic radiation emitted from various electronic and radiation sources. However, the tensile strength of the composites showed a decreasing trend with increasing content of ferrite. The combination of carbon nanotubes with manganese–zinc ferrite resulted in an improvement in the physical–mechanical properties of hybrid composites. As the permittivity of hybrid composites was still much higher in comparison with those filled only with ferrite, only the composite filled with 5 phr of carbon nanotubes and 100 phr of ferrite showed a slight EMI absorption shielding ability over the tested frequency range.
650 ## - SUBJECT ADDED ENTRY--TOPICAL TERM
Topical Term NBR
650 ## - SUBJECT ADDED ENTRY--TOPICAL TERM
Topical Term Carbon nanotube
700 ## - ADDED ENTRY--PERSONAL NAME
Personal name Kvasnicakova, A
700 ## - ADDED ENTRY--PERSONAL NAME
Personal name Hlozekova, K
700 ## - ADDED ENTRY--PERSONAL NAME
Personal name Dzuganova, M
700 ## - ADDED ENTRY--PERSONAL NAME
Personal name Gregorova, J
700 ## - ADDED ENTRY--PERSONAL NAME
Personal name Vilcakova, J
700 ## - ADDED ENTRY--PERSONAL NAME
Personal name Goralik, M
700 ## - ADDED ENTRY--PERSONAL NAME
Personal name Hronkovic, J
700 ## - ADDED ENTRY--PERSONAL NAME
Personal name Preto, J
700 ## - ADDED ENTRY--PERSONAL NAME
Personal name Hudec, I
856 ## - ELECTRONIC LOCATION AND ACCESS
Uniform Resource Identifier https://doi.org/10.5254/rct.22.77986
942 ## - ADDED ENTRY ELEMENTS (KOHA)
Koha item type Journals
Holdings
Withdrawn status Lost status Damaged status Not for loan Home library Current library Date acquired Koha item type
        RRII Library RRII Library 28/12/2022 Journals